International Journal of Advance Research in Medical Surgical Nursing (Record no. 1898)

MARC details
000 -LEADER
Fixed length control field 00638nas a22002057a 4500
003 - CONTROL NUMBER IDENTIFIER
Control field IIN
005 - DATE AND TIME OF LATEST TRANSACTION
Control field 20260519164304.0
008 - FIXED-LENGTH DATA ELEMENTS--GENERAL INFORMATION
Fixed length control field 260519c2019 |||gr|j| |||| 00| 0 eng d
022 ## - INTERNATIONAL STANDARD SERIAL NUMBER / ISSN
International Standard Serial Number 2663-225X
022 ## - INTERNATIONAL STANDARD SERIAL NUMBER / ISSN
International Standard Serial Number 2663-2268 (E-ISSN)
040 ## - CATALOGING SOURCE
Original cataloging agency IIN
245 ## - TITLE STATEMENT
Title International Journal of Advance Research in Medical Surgical Nursing
Statement of responsibility edited by Ismail Molla
260 ## - IMPRINT
Place of publication Delhi
Name of publisher Comprehensive Publications
Date of publication 2019 -
300 ## - PHYSICAL DESCRIPTION
Page / Vol. No Vol. 1, No. 1
310 ## - CURRENT PUBLICATION FREQUENCY
Current publication frequency Bi-annual
Date of current publication frequency January, July
650 ## - SUBJECT ADDED ENTRY--TOPICAL TERM
Topical term Medical Surgical
Form subdivision Research
General subdivision Nursing
700 ## - ADDED ENTRY--PERSONAL NAME
Personal name Molla, Ismail (ed)
856 ## - ELECTRONIC LOCATION AND ACCESS
Uniform Resource Identifier https://doi.org/10.33545/surgicalnursing
942 ## - ADDED ENTRY ELEMENTS (KOHA)
Koha item type Serials

No items available.

© Ideal Institute Of Nursing, All rights reserved.         Powered by Koha